000
00353nam a2200157Ia 4500
008
221030s9999 xx 000 0 und d
020
_a
8121902388
041
_a
English
082
_a
105.23
_b
Mat
100
_a
D. S. Mathur
245
0
_a
Mechanics
260
_b
S.Chand & Co.
_a
New Delhi
_c
1988
300
_a
818
650
_a
Mechanical
942
_c
BK
999
_c
1046
_d
1046